000 00327nam a2200133Ia 4500
003 GCL
008 140319s9999 xx 000 0 ara d
040 _aGCL /
_cGCL
082 0 4 _a371.332
_bر خ
245 1 0 _aخواطر فى التربية
260 _a[S.N] :
_bدار مجلة الثقافة
300 _a144 ص
490 _a
999 _c35565
_d35565